000 00785nam a2200205 i 4500
001 107577
003 ES-MaACL
005 20230906184441.0
007 t|
008 061121s1979 sp r ||||1| spa d
020 _a84-00-04409-6
100 1 _aMorterero Simon, Conrado.
_983717
245 1 0 _aApuntes de iniciación a la paleografía española de los siglos XII a XVII
_b: lecciones pronunciadas en la Escuela de Genealogía Heráldica y Nobiliaria /
_cConrado Morterero Simon.
250 _a2ª. ed.
260 _aMadrid :
_bHidalguía, Instituto Luis de Salazar y Castro (C.S.I.C.),
_c1979.
300 _a82 p., 22 lám. :
_bil. ;
_c25 cm.
650 0 4 _aPaleografía-
_zEspaña.
_915804
710 2 _aInstituto Salazar y Castro.
_95230
852 _aES-MaACL
_jL-10565
_bR.111012
999 _c107577
_d107577